Biblioteca y Centro de Documentación

Fiscal austerity, growth prospects and sovereign CDS spreads (Registro nro. 46522)

Detalles MARC
000 -CABECERA
Longitud fija campo de control 01093naa a2200301 c 4500
001 - NÚMERO DE CONTROL
Número de control 46522
003 - IDENTIFICADOR DE NÚMERO DE CONTROL
Identificador del número de control ES-MaCES
005 - FECHA Y HORA DE LA ÚLTIMA TRANSACCIÓN
Fecha y hora de la última transacción 20151001124650.0
008 - CAMPO FIJO DE DESCRIPCIÓN FIJA--INFORMACIÓN GENERAL
Códigos de información de longitud fija   151001s2015 uk ||||| t||||||| ||eng d
040 ## - FUENTE DE CATALOGACIÓN
Centro catalogador de origen ES-MaCES
Lengua de catalogación spa
Centro transcriptor ES-MaCES
Centro modificado ES-MaCES
100 1# - ENCABEZAMIENTO PRINCIPAL--NOMBRE PERSONAL
9 (RLIN) 36076
Nombre de persona Yuan, Chunming
245 10 - MENCIÓN DE TÍTULO
Título Fiscal austerity, growth prospects and sovereign CDS spreads
Resto del título : The Eurozone and beyond
Mención de responsabilidad, etc. Chunming Yuan, Tanu J. Pongsiri
500 ## - NOTA GENERAL
Nota general Resumen
504 ## - NOTA DE BIBLIOGRAFÍA, ETC.
Nota de bibliografía, etc. Bibliografía: p. 78-79
650 #4 - ASIENTO SECUNDARIO DE MATERIA--TÉRMINO DE MATERIA
9 (RLIN) 27025
Término de materia o nombre geográfico como elemento inicial política económica
650 #4 - ASIENTO SECUNDARIO DE MATERIA--TÉRMINO DE MATERIA
9 (RLIN) 28082
Término de materia o nombre geográfico como elemento inicial política fiscal
650 #4 - ASIENTO SECUNDARIO DE MATERIA--TÉRMINO DE MATERIA
9 (RLIN) 30358
Término de materia o nombre geográfico como elemento inicial ajuste estructural
650 #4 - ASIENTO SECUNDARIO DE MATERIA--TÉRMINO DE MATERIA
9 (RLIN) 27102
Término de materia o nombre geográfico como elemento inicial crisis económica
650 #4 - ASIENTO SECUNDARIO DE MATERIA--TÉRMINO DE MATERIA
9 (RLIN) 27077
Término de materia o nombre geográfico como elemento inicial modelo de crecimiento
650 #4 - ASIENTO SECUNDARIO DE MATERIA--TÉRMINO DE MATERIA
9 (RLIN) 28075
Término de materia o nombre geográfico como elemento inicial deuda pública
650 #4 - ASIENTO SECUNDARIO DE MATERIA--TÉRMINO DE MATERIA
9 (RLIN) 28135
Término de materia o nombre geográfico como elemento inicial financiación del déficit
650 #4 - ASIENTO SECUNDARIO DE MATERIA--TÉRMINO DE MATERIA
9 (RLIN) 26752
Término de materia o nombre geográfico como elemento inicial UE
653 10 - TÉRMINO DE INDEXACIÓN--NO CONTROLADO
Término no controlado Economía
700 1# - ENCABEZAMIENTO SECUNDARIO--NOMBRE PERSONAL
9 (RLIN) 36077
Nombre de persona Pongsiri, Tanu J.
773 0# - ENTRADA DE DOCUMENTO FUENTE
Itemnumber del ítem fuente 83125
Lugar, editor y fecha de publicación Oxford Elsevier 2013-
Otro identificador del documento 086027
Título International economics
Número de control del registro relacionado (ES-MaCES)25378
Parte(s) relacionada(s) vol. 141 (May 2015) {10368 R. 086027} ;p.50-79
902 ## - CES. TIPO DE DOCUMENTO
Tipodoc (006$c Sirtex) ART Artículo de revista
942 ## - ELEMENTOS KOHA
Fuente de clasificaión o esquema Clasificación propia del CES
Koha [por defecto] tipo de item Artículos (1982-2017)
Parte de clasificación Economía

No hay ítems disponibles.

© CES, Consejo Económico y Social de España 2021